Văn hoá thế kỷ XX : Từ điển lịch sử văn hoá = La Culture Du XX Siécle Dictionnaire D'histoire Culturelle /

Văn hoá Thế kỷ XX là từ điển lịch sử văn hoá trình bày cô đọng những xu thế, những trào lưu văn hoá lớn đánh dấu nền văn minh của nhân loại từ cuối thế kỷ XIX đến nay.

Guardado en:
Detalles Bibliográficos
Autor principal: Fragonard, Michel.
Otros Autores: Chu Tiến Anh (dịch.)
Formato: Libro
Lenguaje:Vietnamese
French
Publicado: Hà Nội : Chính trị quốc gia, 1999.
Materias:
Etiquetas: Agregar Etiqueta
Sin Etiquetas, Sea el primero en etiquetar este registro!
Thư viện lưu trữ: Mạng thư viện Đại học Đà Nẵng
LEADER 01313cam a2200373 i 4500
001 000042138
003 11
005 20050519100402.0
008 010217b1999 vm 000 vie
020 |c 150000 
022 |a T 
040 |a IRC  |c IRC  |d IRC 
041 1 |a vie  |h fre 
082 1 4 |a 306  |b FR-M 
100 1 |a Fragonard, Michel. 
245 1 0 |a Văn hoá thế kỷ XX :  |b Từ điển lịch sử văn hoá = La Culture Du XX Siécle Dictionnaire D'histoire Culturelle /  |c Michel Fragonald ; Chu Tiến Anh dịch. 
246 0 1 |a La Culture Du XX Siécle Dictionnaire D'histoire Culturelle. 
260 |a Hà Nội :  |b Chính trị quốc gia,  |c 1999. 
300 |a 1344 tr. ;  |c 20,5 cm. 
520 3 |a Văn hoá Thế kỷ XX là từ điển lịch sử văn hoá trình bày cô đọng những xu thế, những trào lưu văn hoá lớn đánh dấu nền văn minh của nhân loại từ cuối thế kỷ XIX đến nay. 
630 0 4 |a Văn hoá. 
630 0 4 |a Từ điển. 
650 0 4 |a Văn hoá  |v Từ điển. 
700 1 |a Chu Tiến Anh,  |e dịch. 
OWN |a DUT 
999 |a From the UDN01 
TYP |a Monograph 
TYP |a Printed language 
980 |a Mạng thư viện Đại học Đà Nẵng